| 000 | 00557nam a22001577a 4500 | ||
|---|---|---|---|
| 003 | SGT | ||
| 020 | _a9788121939300 | ||
| 082 | _a657.TUL | ||
| 100 | _aTULSIAN,CA.PC. | ||
| 245 | _aSELECT ACCOUNTING STANDARDS | ||
| 260 |
_aNEW DELHI _bS.CHAND _c2012 |
||
| 300 | _aV.P | ||
| 650 | _aACCOUNTING | ||
| 653 | _aPREFACE | CONCEPTUAL FRAMEWORK FOR PREPARATION AND PRESENTATION OF FINANCIAL STATEMENTS | AS 1 | | AS 2 | AS 3 | AS 4 | AS 5 | AS 6 | AS 7 | AS 9 | AS 10 | AS 11 | AS 12 | AS 13 | AS 14 | AS 16 | AS 19 | AS 20 | AS 26 | AS 29 | ||
| 942 |
_2ddc _cFCM _01 |
||
| 999 |
_c9148 _d9148 |
||